سا حر شيویاور انکے ادبی کارنا مے/مرتبہ سيفی سرونجی (Record no. 5761)

MARC details
000 -LEADER
fixed length control field 01037nam a22002417a 4500
005 - DATE AND TIME OF LATEST TRANSACTION
control field 20081106142626.0
008 - FIXED-LENGTH DATA ELEMENTS--GENERAL INFORMATION
fixed length control field 081106t xxu||||| |||| 00| 0 ur d
010 ## - LCCN (DPL NO)
LC control number UR-7401
020 ## - INTERNATIONAL STANDARD BOOK NUMBER
Terms of availability 250.00
International Standard Book Number 8180420434
035 ## - SYSTEM CONTROL NUMBER
System control number U-5956
037 ## - SOURCE OF ACQUISITION
Source of stock number/acquisition D.B.Act / Pub
082 ## - DEWEY DECIMAL CLASSIFICATION NUMBER
Classification number 841.08
245 ## - TITLE STATEMENT
Title سا حر شيویاور انکے ادبی کارنا مے/مرتبہ سيفی سرونجی
Remainder of title شعری مجمو عہ
246 ## - VARYING FORM OF TITLE
Title proper/short title Sahir Shiwee Aur Unke AdabiKarname
Remainder of title edited by Saifi Saronji
260 ## - PUBLICATION, DISTRIBUTION, ETC. (IMPRINT)
Place of publication, distribution, etc نئ دھلی
Name of publisher, distributor, etc موڈرن پبليشنگ ہا ؤس
Date of publication, distribution, etc 2007
270 ## - ADDRESS
Address 9،گو لا مارکيٹ،دريا گنج
City نئ دھلی
Postal code 110002
Telephone number 01123278869
300 ## - PHYSICAL DESCRIPTION
Extent 272 p
Dimensions 22cm (Pbk)
650 ## - SUBJECT ADDED ENTRY--TOPICAL TERM
Topical term or geographic name as entry element Critical Poetry
650 ## - SUBJECT ADDED ENTRY--TOPICAL TERM
Topical term or geographic name as entry element تنقيدی شا عری
700 ## - ADDED ENTRY--PERSONAL NAME
Personal name سيفی سر و نجی
942 ## - ADDED ENTRY ELEMENTS (KOHA)
Institution code [OBSOLETE] dpl
Item type Urdu Bks
Source of classification or shelving scheme Dewey Decimal Classification
Classification part 841.08
Call number suffix س ا ح
Holdings
Withdrawn status Lost status Source of classification or shelving scheme Damaged status Not for loan Collection code Home library Current library Date acquired Cost, normal purchase price Total Checkouts Full call number Barcode Date last seen Copy number Cost, replacement price Koha item type
    Dewey Decimal Classification   Not For Loan Non-fiction D.B.Act.Division D.B.Act.Division 06/11/2008 250.00   841.08 س ا ح U-5956 15/09/2008 1 250.00 Urdu Bks

© Delhi Public Library
Hit Counter
free hit counter